| 000 | 00355nam a2200133Ia 4500 | ||
|---|---|---|---|
| 008 | 240624s9999 xx 000 0 und d | ||
| 041 | _aeng | ||
| 082 | _a658.4063 JON | ||
| 100 | _aJONASH RONALD S | ||
| 245 | _aINNOVATION PREMIUM HOW NEXT GENERATION C | ||
| 260 |
_c1999 _aMassachusetts _bPerseus Books |
||
| 300 | _axiv, 151 p.; 24 cm. | ||
| 365 |
_c _b30 |
||
| 999 |
_c29433 _d29433 |
||